<?xml version="1.0" encoding="UTF-8"?>
<collection xmlns="http://www.loc.gov/MARC21/slim">
 <record>
  <leader>00543pamaa2200157   4500</leader>
  <controlfield tag="001">0000021174</controlfield>
  <controlfield tag="005">20061123090000.0</controlfield>
  <datafield tag="020" ind1="0" ind2="0">
   <subfield code="a">009473240X (pbk) </subfield>
  </datafield>
  <datafield tag="090" ind1="0" ind2="0">
   <subfield code="a">PR6001.C4 </subfield>
   <subfield code="b">PAR 1994</subfield>
  </datafield>
  <datafield tag="100" ind1="1" ind2="0">
   <subfield code="a">PARKER </subfield>
  </datafield>
  <datafield tag="245" ind1="1" ind2="0">
   <subfield code="a">Ackerley : </subfield>
   <subfield code="b">a life of J.R. Ackerley  </subfield>
   <subfield code="c">Peter Parker.</subfield>
  </datafield>
  <datafield tag="260" ind1="0" ind2="0">
   <subfield code="a">London: </subfield>
   <subfield code="b">Constable, </subfield>
   <subfield code="c">1994.</subfield>
  </datafield>
  <datafield tag="300" ind1=" " ind2=" ">
   <subfield code="a">xii, 465 p., [24] p. of plates : ill. ; 25 cm.</subfield>
  </datafield>
  <datafield tag="504" ind1="0" ind2="0">
   <subfield code="a">Includes bibliographical references (p. 448-452)</subfield>
  </datafield>
  <datafield tag="600" ind1="1" ind2="0">
   <subfield code="a">Ackerley, J. R. (Joe Randolph), </subfield>
   <subfield code="d">1896-1967</subfield>
  </datafield>
  <datafield tag="650" ind1="0" ind2="0">
   <subfield code="a">Authors, English -- </subfield>
   <subfield code="x">Biography -- </subfield>
   <subfield code="y">20th century </subfield>
  </datafield>
 </record>
</collection>
